| 000 | 00679nam a2200193Ia 4500 | ||
|---|---|---|---|
| 003 | GCL | ||
| 005 | 20240530103534.0 | ||
| 008 | 140319s9999 xx 000 0 ara d | ||
| 040 |
_aGCL / _cGCL |
||
| 082 | 0 | 4 |
_a810.99 _bف ا |
| 100 | 1 | _aفاروق عبدالقادر | |
| 245 | 1 | 0 |
_aاوراق اخرى من الرماد والجمر(متابعات مصرية وعربية 1986 ـ 1989) _cفاروق عبدالقادر |
| 260 |
_aالقاهرة : _bمؤسسة العروبة للطباعة والنشر ، _c1990 |
||
| 300 |
_a255 ص _b24 سم |
||
| 650 | 0 | 4 | _aالادب العربى |
| 650 | 0 | 4 | _aالعصر الحديث |
| 650 | 0 | 4 | _aتاريخ ونقد |
| 942 |
_2ddc _cBK |
||
| 999 |
_c40429 _d40429 |
||